| 000 | 01017cam a22002771 4500 | ||
|---|---|---|---|
| 001 | sa 68000592 | ||
| 003 | DLC | ||
| 005 | 20260227112425.0 | ||
| 008 | 910111s1966 pk d 000 0 urdr | ||
| 010 | _asa 68000592 | ||
| 025 | _aPL480:P-U-1727 | ||
| 035 | _a(OCoLC)22956629 | ||
| 040 |
_aDLC _cWaU _dOCoLC _dDLC |
||
| 041 | 0 | _aurdeng | |
| 042 | _apremarc | ||
| 050 | 0 | 0 |
_aHB61 _b.P8 |
| 110 | 2 |
_aUniversity of the Punjab. _bCommittee for the Development of Urdu. |
|
| 245 | 1 | 0 |
_aIṣṭilāḥāt-i maʻāshīyāt. _cMurattabah va shāʼiʻ kardah-i Idārah-i Taʼlīf va Tarjumah, Panjāb Yūnīvarsiṭī. |
| 260 |
_aLāhūr, _c1966. |
||
| 300 |
_a5, 321 p. _c21 cm. |
||
| 490 | 1 |
_aSilsilah-i Maṭbūʻāt-i Idārah-i Taʼlīf va Tarjumah, Panjāb Yūnīvarsiṭī, _vnambir 2 |
|
| 500 | _aEnglish and Urdu. | ||
| 650 | 0 |
_aEconomics _vDictionaries. |
|
| 650 | 0 |
_aEnglish language _xDictionaries _xUrdu. |
|
| 810 | 2 |
_aUniversity of the Punjab. _bCommittee for the Development of Unru. _tPublication ; _vno. 2. |
|
| 999 |
_c77314 _d77314 |
||